<?xml version="1.0" encoding="UTF-8"?>
<record
    xmlns:xsi="http://www.w3.org/2001/XMLSchema-instance"
    xsi:schemaLocation="http://www.loc.gov/MARC21/slim http://www.loc.gov/standards/marcxml/schema/MARC21slim.xsd"
    xmlns="http://www.loc.gov/MARC21/slim">

  <leader>00525    a2200169   4500</leader>
  <datafield tag="999" ind1=" " ind2=" ">
    <subfield code="c">530</subfield>
    <subfield code="d">530</subfield>
  </datafield>
  <controlfield tag="008">220929b           ||||| |||| 00| 0 eng d</controlfield>
  <datafield tag="020" ind1=" " ind2=" ">
    <subfield code="a">9789339223199</subfield>
  </datafield>
  <datafield tag="082" ind1="0" ind2="0">
    <subfield code="a">621.4022</subfield>
    <subfield code="b">C395</subfield>
  </datafield>
  <datafield tag="100" ind1=" " ind2=" ">
    <subfield code="a">Cengel, Yunus A.</subfield>
    <subfield code="9">5147</subfield>
  </datafield>
  <datafield tag="245" ind1=" " ind2=" ">
    <subfield code="a">Heat and mass transfer: fundamentals and application /</subfield>
  </datafield>
  <datafield tag="250" ind1=" " ind2=" ">
    <subfield code="a">5th ed.</subfield>
  </datafield>
  <datafield tag="260" ind1=" " ind2=" ">
    <subfield code="b">McGraw Hill Education,</subfield>
    <subfield code="c">2016.</subfield>
    <subfield code="a">New Delhi:</subfield>
  </datafield>
  <datafield tag="300" ind1=" " ind2=" ">
    <subfield code="a">xxii, 944 p.</subfield>
  </datafield>
  <datafield tag="650" ind1=" " ind2="0">
    <subfield code="a">Heat Transmission</subfield>
  </datafield>
  <datafield tag="700" ind1=" " ind2=" ">
    <subfield code="9">5263</subfield>
    <subfield code="a">Ghajar, Afshin J.</subfield>
  </datafield>
  <datafield tag="942" ind1=" " ind2=" ">
    <subfield code="2">ddc</subfield>
    <subfield code="c">BK</subfield>
  </datafield>
  <datafield tag="952" ind1=" " ind2=" ">
    <subfield code="0">0</subfield>
    <subfield code="1">0</subfield>
    <subfield code="2">ddc</subfield>
    <subfield code="4">0</subfield>
    <subfield code="6">621_402200000000000_C395</subfield>
    <subfield code="7">0</subfield>
    <subfield code="9">2315</subfield>
    <subfield code="a">CL</subfield>
    <subfield code="b">CL</subfield>
    <subfield code="d">2017-09-07</subfield>
    <subfield code="e">Trio Enterprises</subfield>
    <subfield code="g">500.50</subfield>
    <subfield code="l">1</subfield>
    <subfield code="o">621.4022 C395</subfield>
    <subfield code="p">12789</subfield>
    <subfield code="r">2023-12-13</subfield>
    <subfield code="s">2023-08-17</subfield>
    <subfield code="v">715.00</subfield>
    <subfield code="y">BK</subfield>
  </datafield>
  <datafield tag="952" ind1=" " ind2=" ">
    <subfield code="0">0</subfield>
    <subfield code="1">0</subfield>
    <subfield code="2">ddc</subfield>
    <subfield code="4">0</subfield>
    <subfield code="6">621_402200000000000_C395</subfield>
    <subfield code="7">0</subfield>
    <subfield code="9">2316</subfield>
    <subfield code="a">CL</subfield>
    <subfield code="b">CL</subfield>
    <subfield code="d">2017-09-07</subfield>
    <subfield code="e">Trio Enterprises</subfield>
    <subfield code="g">500.50</subfield>
    <subfield code="l">1</subfield>
    <subfield code="o">621.4022 C395</subfield>
    <subfield code="p">12790</subfield>
    <subfield code="r">2023-11-17</subfield>
    <subfield code="s">2023-08-08</subfield>
    <subfield code="v">715.00</subfield>
    <subfield code="y">BK</subfield>
  </datafield>
  <datafield tag="952" ind1=" " ind2=" ">
    <subfield code="0">0</subfield>
    <subfield code="1">0</subfield>
    <subfield code="2">ddc</subfield>
    <subfield code="4">0</subfield>
    <subfield code="6">621_402200000000000_C395</subfield>
    <subfield code="7">0</subfield>
    <subfield code="9">2317</subfield>
    <subfield code="a">CL</subfield>
    <subfield code="b">CL</subfield>
    <subfield code="d">2017-09-07</subfield>
    <subfield code="e">Trio Enterprises</subfield>
    <subfield code="g">500.50</subfield>
    <subfield code="l">3</subfield>
    <subfield code="o">621.4022 C395</subfield>
    <subfield code="p">12791</subfield>
    <subfield code="r">2025-08-26</subfield>
    <subfield code="s">2025-08-26</subfield>
    <subfield code="v">715.00</subfield>
    <subfield code="y">BK</subfield>
  </datafield>
  <datafield tag="952" ind1=" " ind2=" ">
    <subfield code="0">0</subfield>
    <subfield code="1">0</subfield>
    <subfield code="2">ddc</subfield>
    <subfield code="4">0</subfield>
    <subfield code="6">621_402200000000000_C395</subfield>
    <subfield code="7">0</subfield>
    <subfield code="9">2318</subfield>
    <subfield code="a">CL</subfield>
    <subfield code="b">CL</subfield>
    <subfield code="d">2017-09-07</subfield>
    <subfield code="e">Trio Enterprises</subfield>
    <subfield code="g">500.50</subfield>
    <subfield code="o">621.4022 C395</subfield>
    <subfield code="p">12792</subfield>
    <subfield code="r">2019-10-21</subfield>
    <subfield code="v">715.00</subfield>
    <subfield code="y">BK</subfield>
  </datafield>
  <datafield tag="952" ind1=" " ind2=" ">
    <subfield code="0">0</subfield>
    <subfield code="1">0</subfield>
    <subfield code="2">ddc</subfield>
    <subfield code="4">0</subfield>
    <subfield code="6">621_402200000000000_C395</subfield>
    <subfield code="7">0</subfield>
    <subfield code="9">2319</subfield>
    <subfield code="a">CL</subfield>
    <subfield code="b">CL</subfield>
    <subfield code="d">2017-09-07</subfield>
    <subfield code="e">Trio Enterprises</subfield>
    <subfield code="g">500.50</subfield>
    <subfield code="o">621.4022 C395</subfield>
    <subfield code="p">12793</subfield>
    <subfield code="r">2019-10-21</subfield>
    <subfield code="v">715.00</subfield>
    <subfield code="y">BK</subfield>
  </datafield>
  <datafield tag="952" ind1=" " ind2=" ">
    <subfield code="0">0</subfield>
    <subfield code="1">0</subfield>
    <subfield code="2">ddc</subfield>
    <subfield code="4">0</subfield>
    <subfield code="6">621_402200000000000_C395</subfield>
    <subfield code="7">0</subfield>
    <subfield code="9">2320</subfield>
    <subfield code="a">CL</subfield>
    <subfield code="b">CL</subfield>
    <subfield code="d">2017-09-07</subfield>
    <subfield code="e">Trio Enterprises</subfield>
    <subfield code="g">500.50</subfield>
    <subfield code="o">621.4022 C395</subfield>
    <subfield code="p">12794</subfield>
    <subfield code="r">2019-10-21</subfield>
    <subfield code="v">715.00</subfield>
    <subfield code="y">BK</subfield>
  </datafield>
  <datafield tag="952" ind1=" " ind2=" ">
    <subfield code="0">0</subfield>
    <subfield code="1">0</subfield>
    <subfield code="2">ddc</subfield>
    <subfield code="4">0</subfield>
    <subfield code="6">621_402200000000000_C395</subfield>
    <subfield code="7">0</subfield>
    <subfield code="9">2321</subfield>
    <subfield code="a">CL</subfield>
    <subfield code="b">CL</subfield>
    <subfield code="d">2017-09-07</subfield>
    <subfield code="e">Trio Enterprises</subfield>
    <subfield code="g">500.50</subfield>
    <subfield code="l">4</subfield>
    <subfield code="m">2</subfield>
    <subfield code="o">621.4022 C395</subfield>
    <subfield code="p">12795</subfield>
    <subfield code="r">2024-03-21</subfield>
    <subfield code="s">2024-03-11</subfield>
    <subfield code="v">715.00</subfield>
    <subfield code="y">BK</subfield>
  </datafield>
  <datafield tag="952" ind1=" " ind2=" ">
    <subfield code="0">0</subfield>
    <subfield code="1">0</subfield>
    <subfield code="2">ddc</subfield>
    <subfield code="4">0</subfield>
    <subfield code="6">621_402200000000000_C395</subfield>
    <subfield code="7">0</subfield>
    <subfield code="9">2322</subfield>
    <subfield code="a">CL</subfield>
    <subfield code="b">CL</subfield>
    <subfield code="d">2017-09-07</subfield>
    <subfield code="e">Trio Enterprises</subfield>
    <subfield code="g">500.50</subfield>
    <subfield code="o">621.4022 C395</subfield>
    <subfield code="p">12796</subfield>
    <subfield code="r">2019-10-21</subfield>
    <subfield code="v">715.00</subfield>
    <subfield code="y">BK</subfield>
  </datafield>
  <datafield tag="952" ind1=" " ind2=" ">
    <subfield code="0">0</subfield>
    <subfield code="1">0</subfield>
    <subfield code="2">ddc</subfield>
    <subfield code="4">0</subfield>
    <subfield code="6">621_402200000000000_C395</subfield>
    <subfield code="7">0</subfield>
    <subfield code="9">2323</subfield>
    <subfield code="a">CL</subfield>
    <subfield code="b">CL</subfield>
    <subfield code="d">2017-09-07</subfield>
    <subfield code="e">Trio Enterprises</subfield>
    <subfield code="g">500.50</subfield>
    <subfield code="o">621.4022 C395</subfield>
    <subfield code="p">12797</subfield>
    <subfield code="r">2019-10-21</subfield>
    <subfield code="v">715.00</subfield>
    <subfield code="y">BK</subfield>
  </datafield>
  <datafield tag="952" ind1=" " ind2=" ">
    <subfield code="0">0</subfield>
    <subfield code="1">0</subfield>
    <subfield code="2">ddc</subfield>
    <subfield code="4">0</subfield>
    <subfield code="6">621_402200000000000_C395</subfield>
    <subfield code="7">0</subfield>
    <subfield code="9">2324</subfield>
    <subfield code="a">CL</subfield>
    <subfield code="b">CL</subfield>
    <subfield code="d">2017-09-07</subfield>
    <subfield code="e">Trio Enterprises</subfield>
    <subfield code="g">500.50</subfield>
    <subfield code="l">2</subfield>
    <subfield code="m">1</subfield>
    <subfield code="o">621.4022 C395</subfield>
    <subfield code="p">12798</subfield>
    <subfield code="r">2024-12-23</subfield>
    <subfield code="s">2024-07-29</subfield>
    <subfield code="v">715.00</subfield>
    <subfield code="y">BK</subfield>
  </datafield>
</record>
